书目信息 |
| 题名: |
中国新闻事业史
|
|
| 作者: | 丁淦林 主编 | |
| 分册: | ||
| 出版信息: | 北京 高等教育出版社 2004 |
|
| 页数: | 9, 590页 | |
| 开本: | 21cm | |
| 丛书名: | ||
| 单 册: | ||
| 中图分类: | G219.29 | |
| 科图分类: | ||
| 主题词: | 新闻事业史--高等学校--中国--教材 | |
| 电子资源: | ||
| ISBN: | 7-04-010751-1 | |
| 000 | 01127nam0 2200277 450 | |
| 001 | 192004002004 | |
| 005 | 20070914095257.15 | |
| 010 | @a7-04-010751-1@dCNY25.90 | |
| 100 | @a20070601d2004 kmey0chiy0121 ea | |
| 101 | 0 | @achi |
| 102 | @aCN@b110000 | |
| 105 | @aa z 000yy | |
| 200 | 1 | @a中国新闻事业史@Azhong guo xin wen shi ye shi@d= China Press Development@f丁淦林主编@zeng |
| 210 | @a北京@c高等教育出版社@d2004 | |
| 215 | @a9, 590页@c图@d21cm | |
| 300 | @a并列题名:China Press Development | |
| 300 | @a普通高等教育“九五”国家级重点教材 | |
| 312 | @a英文题名取自封面 | |
| 330 | @a本书为“九五”国家级重点教材之一,是教育部教学大纲《中国新闻事业史》的配套教材。本书详细阐述了我国新闻事业产生、发展的历史,尤其对20世纪我国新闻事业作了全面介绍。 | |
| 333 | @a本书适合高校新闻学、广告学、广播电视学、编辑出版学、网络传播学等专业学生,新闻与传播学者、新闻从业人员以及一切有志于新闻事业的人士阅读使用。 | |
| 510 | 1 | @aChina Press Development@zeng |
| 606 | 0 | @a新闻事业史@x高等学校@y中国@j教材 |
| 690 | @aG219.29@v4 | |
| 701 | 0 | @a丁淦林@Ading gan lin@4主编 |
| 801 | 0 | @aCN@c20070914 |
| 905 | @dG219.29@eD523 | |
| 中国新闻事业史= China Press Development/丁淦林主编.-北京:高等教育出版社,2004 |
| 9, 590页:图;21cm |
| 并列题名:China Press Development.-普通高等教育“九五”国家级重点教材.-使用对象:本书适合高校新闻学、广告学、广播电视学、编辑出版学、网络传播学等专业学生,新闻与传播学者、新闻从业人员以及一切有志于新闻事业的人士阅读使用。 |
| ISBN 7-04-010751-1:CNY25.90 |
| 本书为“九五”国家级重点教材之一,是教育部教学大纲《中国新闻事业史》的配套教材。本书详细阐述了我国新闻事业产生、发展的历史,尤其对20世纪我国新闻事业作了全面介绍。 |
| ● |
| 相关链接 |
|
|
|
正题名:中国新闻事业史
索取号:G219.29/D523
 
预约/预借
| 序号 | 登录号 | 条形码 | 馆藏地/架位号 | 状态 | 备注 |
| 1 | 626317 | 206263176 | 社科库409/409社科库 57排7列2层/ [索取号:G219.29/D523] | 在馆 |